Statistics for European countries by clue

Click here to take the quiz!

General Stats

  • This quiz has been taken 53 times
  • The average score is 13 of 15

Answer Stats

HintAnswer% Correct
Pasta is from hereItaly
100%
LEGO is from this countryDenmark
98%
Still has a colony (in South America)France
98%
Count Vlad, the inspiration to Dracula, lived hereRomania
98%
Ancient myths like the Odyssee are from hereGreece
96%
Country with very high mountains and pricesSwitzerland
96%
Goulash is from hereHungary
94%
IKEA was founded hereSweden
94%
Small island in the Mediterrean SeaMalta
92%
Famous for its friesBelgium
90%
The southern part of this country is in the radiation zone of ChernobylBelarus
86%
There is a desert in this countrySpain
82%
Country bordering Ukraine, famous for its wine productionMoldova
76%
Franz Ferdinand was killed in this country, causing World War 1 to happenBosnia
71%
The game My Summer Car takes place in this countryFinland
61%

Score Distribution

Percentile by Number Answered

Percent of People with Each Score

Your Score History

You have not taken this quiz